Statistics for [Geometry Dash] Top 100 Hardest Demons (Updated 08/01/19)

Click here to take the quiz!

General Stats

  • This quiz has been taken 243 times
    (186 since last reset)
  • The average score is 27 of 100

Answer Stats

Creator(s)VerifierAnswer% Correct
Manix648, Namtar, Quasar and more..knobbelboyBloodlust
96%
Giron, Riot, Michigun and more...RiotBloodbath
75%
CyclicSunixSonic Wave
74%
VipRin, Michigun, Woogi1411 and more...TrusTaYatagarasu
63%
Ggb0yRiotCataclysm
60%
Giron, SmokesSmokesPlasma Pulse Finale
59%
Rustam, IlrellBoldStepErebus
53%
NoobasTrusTaSakupen Hell
52%
VipRin, Michigun, Zobros and more...CombinedArtificial Ascent
49%
MindCap, Pennutoh, MetalFace221, Lithifusion and more...Sunix/MindcapGamma
47%
GMTSean, Andromeda, Woogi1411 and more...Krazyman50Phobos
47%
LithifusionBoldStepKillbot
44%
VipRin, TheDevon, Etzer, Krazyman50 and more...CombinedDigital Descent
43%
RustamToshDeluxeDevil Vortex
41%
Krazyman50Krazyman50Black Blizzard
40%
Tsukifuto, AlexPG, Vapen and more...DiamondSplashSpacial Rend
39%
IIExenityII, knobbelboy, Findexi and more...SatchoAftermath
37%
Krazyman50, AirSwipe and AncientAnubisKrazyman50Heartbeat
37%
VipRin, Rustam and more...CombinedSubSonic
37%
Krazyman50Krazyman50Conical Depression
36%
Darwin, NoctaflyNoctaflyZaphkiel
36%
Manix648 and LazerBlitzRicoLPBlade Of Justice
35%
Sohn0924, AirSwipe, StormflyStormflyThe Hell World
35%
AZuLer4 and SrGuillesterSrGuillesterHatred
34%
TeamN2PowerbombThe Hell Factory
33%
(saRy, Neptune), VipRin, Hinds and FindexiRiotRed World Rebirth
33%
RobBuckBoldStepGlowy
33%
SoulsTRKSoulsTRKAcropoliX
33%
Giron, SmokesSmokesPlasma Pulse III
32%
VipRin, Dudex, Serponge and more...CombinedHyperSonic
32%
Sohn0924, Koreaqwer, Cyclic and more...StormflyThe Hell Zone
32%
LaZye and 12 othersBoldStepStep To Hell
30%
PennutohThatJ4ke (Formerly GD Temporum)Bausha Vortex
29%
Pennutoh, Cernusco sul Naviglio teamSunixCadrega City
29%
Exterys, Valyrie and WoodedGoldTheRealSneakyDown Bass
29%
Woogi1411Woogi1411Retention
28%
TeamN2knobbelboyArtificial Ideology
28%
Nacho21Nacho21Duelo Maestro
28%
StarShipGD, Fillipsmen, ChiefFlurry and more...GuitarHeroStylesPanasonic
27%
IIExenityIIAurorusAthanatos
26%
Riot, HindsRampageQuantum Processing
26%
GDTheTactiq, TheFrozenTideTheRealZephalStalemate Redux
26%
MegaMan9, EndLevel, Krazyman50 and more...EndLevelMystic
25%
Rustam, Berke423, ZenthicAlpha and more...Berke423Deception Dive
25%
LemonsMix991Paroxysm
25%
WeoWeoTeo and xcy-7WeoWeoTeoBetrayal Of Fate
25%
Sohn0294, Stormfly, Ticky and more...StormflyThe Hell Dignity
25%
IIIRyanIII and more...TrusTaThe Flawless
25%
GoodSmile, T17, Star77 and more...GoodSmileAudio Extraction
25%
Ggb0y, Manix648 and BianoxYGYoshIInfernal Abyss
24%
DanZmeNDoramiEnvY
24%
TeamN2GoodSmileA Bizzare Phantasm
23%
PlatnuuSrGuillesterDelta Interface
23%
Sohn0294, Azuler, Ziminor, AlexPG and more...StormflyThe Hell Origin
22%
TheKrisTheKrisAurora
22%
FindexiSrGuillesterCarnage Mode
22%
OzpectroSky JaxFexty
22%
VismuthKoreaqwerNiflheim
21%
f3lixsram, Darwain, Aquatis and more...RampageDemonicat
21%
Davphla and ZephiroXMrSpaghettiCatalyze
21%
Surv, JoshawottSurvBreakout
21%
99percent, Xyriax, Lumi and more...Rain22TeaM Z
21%
RoiMoustiEndLevelZiroikabi
20%
GaidenHertuny, MindCap, HelpegasuS and more...DaggerCelestial Force
20%
Eclipsed, Terron, AlexPG, TrueLogic and more...SunixArctic Arena
20%
Zafkiel, Herdys, Hoshikido and more...DoramiIdols
20%
GoodSmile, Zenith, AbstractDark and more...LuqualizerAudio Expulsion
19%
N R G, MoeMachine, DavJT and more...DoramiUnder lavaland
19%
HelpegasuSEnzeuxFactory Realm X
19%
Failure444 and Demonic PlatypusBrianTheBurgerFurious Flames
19%
PLAY 4075365, Krazyman50 and AirSwipeKrazyman50Elite Z Rebirth
19%
Drift, RLOL, f3lixram, knobbelboy and more...RLOLNight Party
17%
Jenkins GDJenkins GDIncipient
17%
Bianox and EclipsedknobbelboySingularity
17%
NikroDoxEndLevelAllegiance
17%
Snowr33de, MUFFIN, Namtar and more...Snowr33deSubversive
16%
CastriX, Mulpan, Zafkiel, Extrox and more..Sonic80ElectroSonic
16%
Flukester and more...BoldStepTwisted Tranquility
16%
GryllexGryllexNovalis
16%
Antares, cersia, Crystal PG and more...TGIMissing Benefits
15%
AbstractDark, Pennutoh, Mazl and more...TechnicalPhotovoltaic II
15%
Juhou and XingtikLuqualizerAwakening Horus
15%
iIiViRuZiIiiIiViRuZiIiArtificial Dream
15%
Blad3M and MenkatjezzzNinetalesUprise
15%
nwolc, HelpegasuS, TH04 and more...WaivveBreakout Redux
14%
NamtarTrusTaNecropoliX
13%
Nico99, MrLorenzo, Goose and more...DoramiHeat Wave
13%
Dorami and CastriXDoramiViolently X
13%
Pennutoh, Enlex, Metalface221 and more...GoldenATMarbl
13%
AngryBoy, VeXioN, Ownbit and more...Sonic80Asmodeus
12%
Krampux, Soulwinds, Motu and more...LucielaFabrication
12%
Metalface221, Kugelblitz, Zhander and more...StormflySilentium Gradas
11%
ZenThrix24, CreatorExtract, Waffl3x and more...Farzz ZinjjVendetTa
10%
Zeithex, Shaggy23,JeffryNeko and more...GK AlliumCholeriX
10%
Wombat, Djoxy, GaidenHertuny and more...BrianTheBurgerAtmosphere
10%
TongiiChiefFlurryArcadelocked
9%
Davphla, knobbelboy, MrSpaghetti and more...MrSpaghettiAncestral Calamity
9%
DoramiDoramiKillerzone
8%
Giron and LicentiousGironSky Tech
6%
Drift, Failure444, Pennutoh and more...DiamondSplashEplison
2%

Score Distribution

Percentile by Number Answered

Percent of People with Each Score

Your Score History

You have not taken this quiz since the last reset